Online katalóg knižníc regiónu Turca

Príhody poštára Pata / (Record no. 21311)

MARC details
000 -LEADER
fixed length control field 01349nam a2200421 aa4500
001 - CONTROL NUMBER
control field 21311
003 - CONTROL NUMBER IDENTIFIER
control field CZ PrNK
005 - DATE AND TIME OF LATEST TRANSACTION
control field 20260226122726.0
007 - PHYSICAL DESCRIPTION FIXED FIELD--GENERAL INFORMATION
fixed length control field ta
008 - FIXED-LENGTH DATA ELEMENTS--GENERAL INFORMATION
fixed length control field 080215s2008 xr a b 000 j slo
015 ## - NATIONAL BIBLIOGRAPHY NUMBER
National bibliography number cnb001791907
020 ## - INTERNATIONAL STANDARD BOOK NUMBER
International Standard Book Number 9788025207840
Qualifying information (sv. 1 ;
-- váz.)
020 ## - INTERNATIONAL STANDARD BOOK NUMBER
International Standard Book Number 9788025207857
Qualifying information (sv. 2 ;
-- váz.)
035 ## - SYSTEM CONTROL NUMBER
System control number (OCoLC)228670397
040 ## - CATALOGING SOURCE
Original cataloging agency OLA001
Language of cataloging cze
Modifying agency ABA001
041 1# - LANGUAGE CODE
Language code of text/sound track or separate title slo
Language code of original pol
-- eng
072 #7 - SUBJECT CATEGORY CODE
Subject category code 821.111-3
Subject category code subdivision Anglická próza, anglicky psaná
Source Konspekt
072 #7 - SUBJECT CATEGORY CODE
Subject category code 821-93
Subject category code subdivision Literatura pro děti a mládež (beletrie)
Source Konspekt
080 ## - UNIVERSAL DECIMAL CLASSIFICATION NUMBER
Universal Decimal Classification number 821-93
Edition identifier MRF
080 ## - UNIVERSAL DECIMAL CLASSIFICATION NUMBER
Universal Decimal Classification number 821.111-32
Edition identifier MRF
080 ## - UNIVERSAL DECIMAL CLASSIFICATION NUMBER
Universal Decimal Classification number (0:82-32)
Edition identifier MRF
100 1# - MAIN ENTRY--PERSONAL NAME
Personal name Cunliffe, John A.,
Dates associated with a name 1933-
Relationship aut
245 10 - TITLE STATEMENT
Title Príhody poštára Pata /
Statement of responsibility, etc. [John Cunliffe ; preklad z poľského jazyka Žofia Dzuriková]
250 ## - EDITION STATEMENT
Edition statement 1. vyd.
260 ## - PUBLICATION, DISTRIBUTION, ETC.
Place of publication, distribution, etc. V Prahe :
Name of publisher, distributor, etc. Egmont,
Date of publication, distribution, etc. [2008]
300 ## - PHYSICAL DESCRIPTION
Extent 2 sv. (70; 71 s.) :
Other physical details il. ;
Dimensions 21 cm
490 1# - SERIES STATEMENT
Series statement Postman Pat
500 ## - GENERAL NOTE
General note Přeloženo z polského překladu anglického originálu
500 ## - GENERAL NOTE
General note Název z obálky
655 #7 - INDEX TERM--GENRE/FORM
Genre/form data or focus term anglické příběhy
Source of term czenas
655 #7 - INDEX TERM--GENRE/FORM
Genre/form data or focus term publikace pro děti
Source of term czenas
655 #9 - INDEX TERM--GENRE/FORM
Genre/form data or focus term English stories
Source of term eczenas
655 #9 - INDEX TERM--GENRE/FORM
Genre/form data or focus term children's literature
Source of term eczenas
830 #0 - SERIES ADDED ENTRY--UNIFORM TITLE
Uniform title Postman Pat
901 ## - LOCAL DATA ELEMENT A, LDA (RLIN)
f 1. vyd.
o 20080423
910 ## - USER-OPTION DATA (OCLC)
User-option data ABA001
942 ## - ADDED ENTRY ELEMENTS (KOHA)
Source of classification or shelving scheme Dewey Decimal Classification
Koha item type Krásna literatúra pre deti
Suppress in OPAC No
Holdings
Stav vyradenia Strata Poškodenie Spôsob nadobudnutia Domovská knižnica Aktuálna knižnica Dátum nadobudnutia Total checkouts Čiarový kód exemplára Date last seen Typ exemplára
      Dar Obecná knižnica Turčianska Štiavnička Obecná knižnica Turčianska Štiavnička 26.02.2026   4738000089 26.02.2026 Krásna literatúra pre deti
Projekt je podporený Slovenskou asociáciou knižníc
Prevádzkuje Turčianska knižnica Martin 2026